| 000 | 02129nam a22004331i 4500 | ||
|---|---|---|---|
| 001 | ebr10814649 | ||
| 003 | CaPaEBR | ||
| 006 | m o d | ||
| 007 | cr cn||||||||| | ||
| 008 | 110714t20112011sz a ob 101 0 eng d | ||
| 020 | _a9783038134640 (e-book) | ||
| 020 | _z9783037850893 | ||
| 040 |
_aCaPaEBR _beng _erda _epn _cCaPaEBR |
||
| 035 | _a(OCoLC)868922186 | ||
| 050 | 1 | 4 |
_aTA418.9.N35 _bC58 2009eb |
| 111 | 2 |
_aC-MRS International Conference _d(2009 : _cSuzhou, China) |
|
| 245 | 1 | 0 |
_aNanomaterials and plastic deformation : _bselected, peer reviewed papers from the Annual Meeting of Chinese Materials Research Society, Session L, 2009, 12-17 September 2009, Suzhou, China / _cedited by Jing Tao Wang. |
| 246 | 3 | 4 | _aAdvances in nanomaterials and plastic deformation |
| 264 | 1 |
_aDurnten-Zurich : _bTrans Tech Pub., _c[2011] |
|
| 264 | 4 | _c�2011 | |
| 300 |
_a1 online resource (236 pages) : _billustrations. |
||
| 336 |
_atext _2rdacontent |
||
| 337 |
_acomputer _2rdamedia |
||
| 338 |
_aonline resource _2rdacarrier |
||
| 490 | 1 |
_aMaterials science forum, _x0255-5476 ; _vvolume 682 |
|
| 504 | _aIncludes bibliographical references and indexes. | ||
| 588 | _aDescription based on print version record. | ||
| 590 | _aElectronic reproduction. Palo Alto, Calif. : ebrary, 2014. Available via World Wide Web. Access may be limited to ebrary affiliated libraries. | ||
| 650 | 0 |
_aDeformations (Mechanics) _vCongresses. |
|
| 650 | 0 |
_aNanostructured materials _xPlastic properties _vCongresses. |
|
| 650 | 0 |
_aNanotechnology _vCongresses. |
|
| 655 | 0 | _aElectronic books. | |
| 700 | 1 | _aWang, Jing Tao. | |
| 710 | 2 | _aZhongguo cai liao yan jiu xue hui. | |
| 776 | 0 | 8 |
_iPrint version: _aC-MRS International Conference (2009 : Suzhou, China). _tNanomaterials and plastic deformation. _dDurnten-Zurich : Trans Tech Pub., [2011] _hxi, 254 pages : illustrations _kMaterials science forum ; v. 682. _z9783037850893 |
| 797 | 2 | _aebrary. | |
| 830 | 0 |
_aMaterials science forum ; _vv. 682. |
|
| 856 | 4 | 0 |
_uhttp://site.ebrary.com/lib/rucke/Doc?id=10814649 _zAn electronic book accessible through the World Wide Web; click to view |
| 999 |
_c81395 _d81395 |
||